000 00781nam a2200229Ia 4500
001 10254
003 GE_BSU
008 181216s||||||||xx |||||||||||||| ||und||
040 _cGE_BSU
080 _a821.353.1–1+821.353.1-11
100 _aსალუქვაძე,გიორგი
245 _aპატიოსნება:ლექსები
245 _bლირიკული პოემა
245 _cრედ.ო.გოგუაძე.მხატვ.დ.დუნდუა
260 _aბათუმი
260 _bსაბჭოთა აჭარა
260 _c1969
300 _a69გვ.16სმ.
653 _aლირიკული პოემა
653 _aპატიოსნება:ლექსები
942 _cBK
999 _c43523
_d43523